| 000 | 01287cad a22002415a 4500 | ||
|---|---|---|---|
| 001 | L141032 | ||
| 008 | 071025e20070321xxk f 000 0 eng d | ||
| 020 | _a9781845323462 | ||
| 035 | _a(Sirsi) u141032 | ||
| 041 | 0 | _aeng | |
| 050 | 0 | 4 | _a711.52 $2 18 |
| 110 | 1 |
_aUnited Kingdom _bHM Treasury |
|
| 245 | 0 | 0 |
_aTax incentives for development of brownfield land _ba summary of consultation responses _h[electronic resource] |
| 260 |
_aLondon _bHM Treasury _c2007 |
||
| 520 | _aPresents a summary of presentations received in response to the consultation paper on proposed methods of promoting brownfield land development (L137594). The measures are aimed at supporting government housing policy and targets. The issues raised by the responses cover the challenges of developing long-term derelict land; land remediation relief; Japanese Knotweed and Landfill Tax and the contaminated waste exception. | ||
| 590 | _aKA | ||
| 650 | 2 | 4 | _aBARKER REVIEW OF HOUSING SUPPLY: SECURING OUR FUTURE HOUSING NEEDS |
| 650 | 2 | 4 | _aJAPANESE KNOTWEED |
| 651 | 4 |
_aUnited Kingdom _y |
|
| 690 | _aPROPERTY-PROPERTY DEVELOPMENT | ||
| 856 | 4 | 0 |
_uhttps://www.hm-treasury.gov.uk/budget/budget_07/documents/bud_bud07_brownfield.cfm _zView the article free of charge at www.hm-treasury.gov.uk... |
| 942 | _n0 | ||
| 999 |
_c107601 _d107601 |
||